Central Library OPAC University of Rajshahi

The doctrines of the great educators / (Record no. 46170)

MARC details
000 -LEADER
fixed length control field 00658nam a2200229 a 4500
001 - CONTROL NUMBER
control field 46170
003 - CONTROL NUMBER IDENTIFIER
rucl marc code BD-RjUL
005 - DATE AND TIME OF LATEST TRANSACTION
control field 20211209054122.0
008 - FIXED-LENGTH DATA ELEMENTS--GENERAL INFORMATION
fixed length control field 160730r19551954ny 001 0 eng d
035 ## - SYSTEM CONTROL NUMBER
System control number (BD-RjUL)46288
040 ## - CATALOGING SOURCE
Original cataloging agency UKM
Transcribing agency UKM
Modifying agency EQO
Language of cataloging eng
041 ## - LANGUAGE CODE
Language code of text/sound track or separate title eng
082 04 - DEWEY DECIMAL CLASSIFICATION NUMBER
Classification number 370.109
Author mark and year RUD 1955
100 1# - MAIN ENTRY--PERSONAL NAME
Personal name Rusk, Robert R.
Fuller form of name (Robert Robertson),
Dates associated with a name 1879-1972.
9 (RLIN) 141087
245 14 - TITLE STATEMENT
Title The doctrines of the great educators /
Statement of responsibility, etc. Robert R. Rusk
250 ## - EDITION STATEMENT
Edition statement 2nd ed.
260 ## - PUBLICATION, DISTRIBUTION, ETC. (IMPRINT)
Place of publication, distribution, etc. London :
Name of publisher, distributor, etc. Macmillan,
Date of publication, distribution, etc. 1954 [Reprinted 1955]
300 ## - PHYSICAL DESCRIPTION
Pagination 311 p. ;
Size 21 cm.
500 ## - GENERAL NOTE
General note Previous ed. 1918.
650 ## - SUBJECT ADDED ENTRY--TOPICAL TERM
Topical term or geographic name as entry element Education
General subdivision History
9 (RLIN) 133311
942 ## - ADDED ENTRY ELEMENTS (KOHA)
Source of classification or shelving scheme Dewey Decimal Classification
Koha item type Books
Holdings
Lost status Source of classification or shelving scheme Damaged status Not for loan Collection code Permanent Location Current Location Shelving location Date acquired Source of acquisition Cost, normal purchase price Total Checkouts Full call number Date last seen Copy number Koha item type
  Dewey Decimal Classification     Non-fiction Central Library, University of Rajshahi Central Library, University of Rajshahi   26/01/1956 Simkin Marshal 0.16   370.109 RUD 1955 01/08/2016 C-2 Books